MARC details
| 000 -CABECERA |
| campo de control de longitud fija |
00970nam a2200229 a 4500 |
| 001 - NÚMERO DE CONTROL |
| campo de control |
000042013 |
| 005 - FECHA Y HORA DE LA ÚLTIMA TRANSACCIÓN |
| campo de control |
20201002035903.0 |
| 008 - DATOS DE LONGITUD FIJA--INFORMACIÓN GENERAL |
| campo de control de longitud fija |
131030s2003 sp a 001 0 spa d |
| 020 ## - NÚMERO INTERNACIONAL ESTÁNDAR DEL LIBRO |
| Número Internacional Estándar del Libro |
8400081927 |
| 040 ## - FUENTE DE LA CATALOGACIÓN |
| Centro catalogador/agencia de origen |
DO-SdBNP |
| Lengua de catalogación |
spa |
| Centro/agencia transcriptor |
BNPHU |
| 100 1# - ENTRADA PRINCIPAL--NOMBRE DE PERSONA |
| Nombre de persona |
Benito Monclús, Pere |
| 9 (RLIN) |
68961 |
| 245 10 - MENCIÓN DE TÍTULO |
| Título |
Senyoria de la terra i tinença pagesa al Comtat de Barcelona : |
| Resto del título |
segles XI-XIII / |
| Mención de responsabilidad, etc. |
Pere Benito i Monclús. |
| 260 ## - PUBLICACIÓN, DISTRIBUCIÓN, ETC. |
| Lugar de publicación, distribución, etc. |
Barcelona : |
| Nombre del editor, distribuidor, etc. |
CSIC, |
| Fecha de publicación, distribución, etc. |
2003. |
| 300 ## - DESCRIPCIÓN FÍSICA |
| Extensión |
831 p. ; : |
| Otras características físicas |
il. ; |
| Dimensiones |
25 cm. |
| 490 1# - MENCIÓN DE SERIE |
| Mención de serie |
Anuario de estudios medievales. |
| -- |
Anejo ; |
| Designación de volumen o secuencia |
51 |
| 500 ## - NOTA GENERAL |
| Nota general |
XVIIIè Premi Ferran Soldevila de Biografía, Memòries i Estudis Històrics atorgat per Fundació Congrés de Cultura Catalana |
| 500 ## - NOTA GENERAL |
| Nota general |
Incluye índices |
| 504 ## - NOTA DE BIBLIOGRAFÍA, ETC. |
| Nota de bibliografía, etc. |
Bibliografía |
| 504 ## - NOTA DE BIBLIOGRAFÍA, ETC. |
| Nota de bibliografía, etc. |
Incluye referencias bibliográficas y notas al pie de las páginas |
| 710 2# - PUNTO DE ACCESO ADICIONAL--NOMBRE DE ENTIDAD CORPORATIVA |
| Nombre de entidad corporativa o nombre de jurisdicción como elemento de entrada |
Consejo Superior de Investigaciones Científicas (España) |
| 9 (RLIN) |
15178 |
| 830 #0 - PUNTO DE ACCESO ADICIONAL DE SERIE-TÍTULO UNIFORME |
| Título uniforme |
Anuario de estudios medievales. |
| Nombre de parte o sección de la obra |
Anejo |
| 9 (RLIN) |
64050 |